Online
Catalog

Informe sobre desarrollo humano 2007-2008 : (Record no. 20321)

MARC details
000 -CABECERA
campo de control de longitud fija 00976nam a2200229 a 4500
001 - NÚMERO DE CONTROL
campo de control 000020817
005 - FECHA Y HORA DE LA ÚLTIMA TRANSACCIÓN
campo de control 20240515114421.0
008 - DATOS DE LONGITUD FIJA--INFORMACIÓN GENERAL
campo de control de longitud fija 100818s2007 xxubd 000 0 spa d
020 ## - NÚMERO INTERNACIONAL ESTÁNDAR DEL LIBRO
ISBN cancelado o inválido 9788484763222
040 ## - FUENTE DE LA CATALOGACIÓN
Centro catalogador/agencia de origen DO-SdBNP
Lengua de catalogación spa
Centro/agencia transcriptor BNPHU
082 ## - NÚMERO DE LA CLASIFICACIÓN DECIMAL DEWEY
Número de clasificación 303.44
Número de documento/Ítem P964i, 2007
100 1# - ENTRADA PRINCIPAL--NOMBRE DE PERSONA
Nombre de persona Programa de las Naciones Unidas para el Desarrollo.
9 (RLIN) 43640
245 10 - MENCIÓN DE TÍTULO
Título Informe sobre desarrollo humano 2007-2008 :
Resto del título la lucha contra el cambio climático: solidaridad frente a un mundo dividido /.
246 23 - FORMA VARIANTE DE TÍTULO
Título propio/Titulo breve La lucha contra el cambio climático:
Resto del título solidaridad frente a un mundo dividido
260 ## - PUBLICACIÓN, DISTRIBUCIÓN, ETC.
Lugar de publicación, distribución, etc. New York :
Nombre del editor, distribuidor, etc. Programa de las Naciones Unidas para el Desarrollo:
-- Grupo Mundi-Prensa,
Fecha de publicación, distribución, etc. 2007.
300 ## - DESCRIPCIÓN FÍSICA
Extensión xvi, 386 p. :
Otras características físicas mapa. ; diag. ;
Dimensiones 28 cm.
590 ## - NOTA LOCAL (RLIN)
Nota local Inventariado, 2018/BT
650 #4 - PUNTO DE ACCESO ADICIONAL DE MATERIA--TÉRMINO DE MATERIA
Término de materia o nombre geográfico como elemento de entrada Desarrollo humano
9 (RLIN) 213
650 #0 - PUNTO DE ACCESO ADICIONAL DE MATERIA--TÉRMINO DE MATERIA
Término de materia o nombre geográfico como elemento de entrada Cambios climáticos
9 (RLIN) 33988
650 #4 - PUNTO DE ACCESO ADICIONAL DE MATERIA--TÉRMINO DE MATERIA
Término de materia o nombre geográfico como elemento de entrada Efectos de la contaminación sobre el clima
9 (RLIN) 43641
910 ## - DATOS DE OPCIÓN DEL USUARIO (OCLC)
Datos de opción del usuario Validado. Control de calidad. MMOLINA
Holdings
Estado de retiro Estado de pérdida Restricciones de uso No para préstamo Código de colección Localización permanente Ubicación/localización actual Ubicación en estantería Fecha de adquisición Número de inventario Total de préstamos Signatura topográfica completa Código de barras Fecha visto por última vez Número de copia Precio válido a partir de Tipo de ítem Koha
        Monografías: Libros y Folletos General General Depósito 14.05.2018 LF1   303.44 P964i, 2007 20817-30 25.06.2020 e.3 25.06.2020 Préstamo en sala
        Monografías: Libros y Folletos General General Depósito 14.05.2018 LF1   303.44 P964i, 2007 20817-40 25.06.2020 e.4 25.06.2020 Préstamo en sala
        Monografías: Libros y Folletos General General Depósito 14.05.2018 LF1   303.44 P964i, 2007 20817-50 25.06.2020 e.5 25.06.2020 Préstamo en sala
      Excluido de préstamo Monografías: Libros y Folletos Patrimonio Dominicano Patrimonio Dominicano Depósito 18.08.2010 LF1   303.44 P964i, 2007 20817-10 25.06.2020 e.2 25.06.2020 No se presta
      Excluido de préstamo Monografías: Libros y Folletos Patrimonio Dominicano Patrimonio Dominicano Depósito 18.08.2010 LF1   303.44 P964i, 2007 20817-20 25.06.2020   25.06.2020 No se presta

Powered by Koha